000 01074cam a22002653a 4500
001 32073
003 PGUSA
005 20140828083708.0
008 100421s2010||||xxu|||||s|||||000 | eng d
040 _aPGUSA
_beng
042 _adc
050 4 _aE456
100 1 _aPhisterer, Frederick,
_d1836-1909
245 1 4 _aThe Regular Brigade of the Fourteenth Army Corps, the Army of the Cumberland, in the Battle of Stone River, or Murfreesboro', Tennessee
_h[electronic resource] /
_cFrederick Phisterer
260 _bProject Gutenberg,
_c2010
506 _aPublic domain in the USA.
516 _aElectronic text
653 _aUnited States -- History -- Civil War, 1861-1865 -- Regimental histories
653 _aStones River, Battle of, Murfreesboro, Tenn., 1862-1863
653 _aUnited States. Army. Corps, 14th
740 0 _aThe Regular Brigade of the 14th Army Corps, the Army of the Cumberland, in the Battle of Stone River, or Murfreesboro', Tennessee
830 0 _aProject Gutenberg
_v32073
856 4 0 _uhttp://www.gutenberg.org/ebooks/32073
942 _cEB
999 _c261328
_d261328